000 00469nam a2200193Ia 4500
005 20251020182611.0
008 200515s9999 xx 000 0 und d
082 _aSC/666.97/A49/1993
110 _aAmerican Society for Testing and Materials
245 0 _aConstruction : Concrete and Aggregates
260 _aPhiladelphia
260 _c1993
300 _a846
650 _aAGREGADOS
650 _aASTM
650 _aCONCRETO
650 _aNORMAS
942 _cLIB
999 _c3360
_d3360